| 000 | 00500cam a2200181ua 4500 | ||
|---|---|---|---|
| 020 |
_a81-7488-008-9 _c5000.00(set) |
||
| 041 |
_aeng _h |
||
| 082 |
_a030.63 _bGUR/EN |
||
| 100 | _aGurdeep, Raj . | ||
| 245 |
_aEncyclopaedia of agricultural science, Vol 4 / _cGurdeep Raj. _hTextual Documents |
||
| 250 |
_a1 / _b. |
||
| 260 |
_aNew Delhi : _bAnmol Publications Pvt Ltd , _c1995. |
||
| 300 | _a281 ; . | ||
| 365 | _a5000.00(set) | ||
| 504 | _a | ||
| 942 | _cBK | ||
| 999 |
_c8960 _d8960 |
||